Provinces of Italy - Click Quiz - Statistics

General Stats
  • This quiz has been taken 676 times
  • The average score is 68 of 107
Answers on the Map
Answers color-coded by a green-red scale on the quiz's map according to % correct below.
 
Answer Stats
Answer % Correct
Aosta
81%
Genova
80%
Venezia
80%
Reggio Calabria
77%
Roma
77%
Cagliari
76%
Catania
75%
Messina
75%
Napoli
75%
Palermo
75%
Perugia
75%
Sud Sardegna
74%
Bologna
73%
Bolzano
73%
Siracusa
73%
Trento
73%
Udine
73%
La Spezia
72%
Pisa
72%
Salerno
72%
Torino
72%
Latina
71%
Livorno
71%
Trieste
71%
Como
70%
Massa e Carrara
70%
Caserta
69%
Grosseto
69%
Lecce
69%
Modena
69%
Siena
69%
Trapani
69%
Firenze
68%
Foggia
68%
Matera
68%
Viterbo
68%
Bari
67%
Brescia
67%
Cosenza
67%
Avellino
66%
Campobasso
66%
Cremona
66%
Enna
66%
Frosinone
66%
Potenza
66%
Reggio Emilia
66%
Taranto
66%
Brindisi
65%
L'Aquila
65%
Sassari
65%
Ancona
64%
Lucca
64%
Rieti
64%
Vibo Valentia
64%
Catanzaro
63%
Cuneo
63%
Imperia
63%
Mantova
63%
Pistoia
63%
Rimini
63%
Parma
62%
Sondrio
62%
Alessandria
61%
Benevento
61%
Bergamo
61%
Crotone
61%
Isernia
61%
Milano
61%
Nuoro
61%
Prato
61%
Terni
61%
Agrigento
60%
Barletta-Andria-Trani
60%
Monza Brianza
59%
Lodi
58%
Savona
58%
Asti
57%
Pordenone
57%
Verona
57%
Ferrara
56%
Lecco
56%
Ragusa
56%
Ravenna
56%
Teramo
56%
Arezzo
55%
Ascoli Piceno
55%
Gorizia
55%
Verbano-Cusio-Ossola
55%
Vercelli
55%
Belluno
54%
Fermo
54%
Oristano
54%
Rovigo
54%
Caltanissetta
53%
Pavia
53%
Pescara
53%
Piacenza
53%
Treviso
53%
Vicenza
51%
Biella
50%
Chieti
50%
Padova
50%
Pesaro e Urbino
50%
Varese
48%
Forli-Cesena
45%
Macerata
45%
Novara
45%
No matching quizzes found
Score Distribution
Percent of People with Each Score
Percentile by Number Answered
Your Score History
You have not taken this quiz